000 00620nam a2200241Ia 4500
003 OSt
005 20221005133203.0
006 a|||||r|||| 00| 0
007 ta
008 221004b |||||||| |||| 00| 0 kan d
024 _a60306
037 _cTextual
040 _aCRL
_cCRL
_bkan
041 _2kan
_akan
082 _aO33,3N04,26, L7
100 _aKarantha K. Shivaram Au.
_9642186
245 0 _aVonti dani
260 _c1974
650 _a KANNAD LITERATURE
650 _aKANNAD FICTION
942 _hO33,3N04,26, L7
_cTEXL
_2cc
999 _c1066039
_d1066039